Statistics for Adam Levine Charting Songs (Billboard Hot 100)

Click here to take the quiz!

General Stats

  • This quiz has been taken 27 times
    (18 since last reset)
  • The average score is 4 of 13

Answer Stats

AlbumWeeks OnPeakArtist(s)Song% Correct
What Dreams Are Made Of27 Weeks#6R. City ft. Adam LevineLocked Away
87%
The Papercut Chronicles II37 Weeks#4Gym Class Heroes ft. Adam LevineStereo Hearts
80%
Nu King5 Weeks#71Jason Derulo ft. Adam LevineLifestyle
40%
Non-Album Single3 Weeks#2750 Cent ft. Eminem & Adam LevineMy Life
33%
The Complete Season 7 Collection1 Week#83Matt McAndrew & Adam LevineLost Stars
27%
The Complete Season 9 Collection1 Week#90Jordan Smith & Adam LevineGod Only Knows
20%
Late Registration16 Weeks#26Kanye West ft. Adam LevineHeard 'Em Say
20%
The Wack Album1 Week#60The Lonely Island ft. Adam Levine & Kendrick LamarYOLO
20%
The Complete Season 5 Collection1 Week#76Tessanne Chin & Adam LevineLet It Be
13%
The Complete Season 7 Collection1 Week#63Chris Jamison & Adam LevineLost Without U
13%
The Complete Season 6 Collection1 Week#66Christina Grimmie & Adam LevineSomebody That I Used to Know
13%
Non-Album Single1 Week#45Adam Levine & Javier ColonMan in the Mirror
7%
Non-Album Single1 Week#68Adam Levine & Tony LuccaYesterday
7%

Score Distribution

Percentile by Number Answered

Percent of People with Each Score

Your Score History

You have not taken this quiz since the last reset